| 000 -ლიდერი |
| ფიქსირებული სიგრძის საკონტროლო ველი |
00915nam a2200241Ia 4500 |
| 001 - საკონტროლო ნომერი |
| საკონტროლო ველი |
20344 |
| 003 - საკონტროლო ნომრის იდენტიფიკატორი |
| საკონტროლო ველი |
GE_BSU |
| 005 - ბოლო ოპერაციის თარიღი და დრო |
| საკონტროლო ველი |
20200927214011.0 |
| 008 - ფიქსირებული სიგრძის მონაცემთა ელემენტები - ზოგადი ინფორმაცია |
| ფიქსირებული სიგრძის საკონტროლო ველი |
181216s1972||||ge |||||||||||||| ||geo|| |
| 040 ## - კატალოგიზაციის წყარო |
| Transcribing agency |
GE_BSU |
| 041 ## - ენის კოდი |
| Language code of text/sound track or separate title |
geo |
| 080 ## - უნივერსალური ათობითი კლასიფიკაციის ინდექსი |
| Universal Decimal Classification number |
81'367 ც-60 |
| 100 ## - მთავარი ჩანაწერი - პიროვნების სახელი |
| Personal name |
ციკოლია, მ. |
| 9 (RLIN) |
9553 |
| 245 ## - ცნობა სათაურის შესახებ |
| Title |
სიტყვათა რიგი როგორც სინტაქსისა და სტილისტიკის საგანი / |
| Statement of responsibility, etc |
მ. ციკოლია ; რედ. ა. კიზირია. |
| 264 ## - წარმოების, გამოცემის, დისტრიბუციის და სხვა ცნობები |
| გამოცემის, წარმოების, დისტრიბუციის... ადგილი |
სოხუმი : |
| გამოცემის, წარმოების, დისტრიბუციის... სახელწოდება |
ალაშარა, |
| გამოცემის, წარმოების, დისტრიბუციის... თარიღი |
1972. |
| 300 ## - ფიზიკური აღწერა |
| Extent |
80 გვ. ; |
| Dimensions |
20 სმ |
| 653 ## - INDEX TERM--UNCONTROLLED |
| Uncontrolled term |
ენათმეცნიერება |
| 653 ## - INDEX TERM--UNCONTROLLED |
| Uncontrolled term |
სინტაქსი |
| 653 ## - INDEX TERM--UNCONTROLLED |
| Uncontrolled term |
სტილისტიკა |
| 700 ## - ADDED ENTRY--PERSONAL NAME |
| Personal name |
კიზირია, ა. |
| Relator term |
რედაქტორი |
| 9 (RLIN) |
9554 |
| 942 ## - ADDED ENTRY ELEMENTS (KOHA) |
| Koha item type |
წიგნი |
| Source of classification or shelving scheme |
|